00811 2200205 4500001002100000005001700021008004100038035002400079082001500103090002500118245018100143260012400324300003000448504001700478650004000495700001600535700001200551999002100563999002100584YOGYA-0411000000089620110411145329.0 ind  0010-041100000000896 a390.959229 a390.959229bPenlDEP aPengetahuan, sikap, keyakinan, dan perilaku di kalangan generasi muda berkenaan dengan tata krama di kota Semarang, Jawa Tengahbpenulis Sumintarsih [et al]cpenyunting Mulyadi aYogyakartabDepdikbud, Dirjen Kebudayaan, Proyek Pengkajian dan Pembinaan Nilai-nilai Budaya Prop. D.I Yogyakartac2000 axiib122 hlmcilusd24 cm ahlm. 121-122 aTata krama dan kebiasaan - semarang aSumintarsih aMulyadi aCB-D.11 2000-216 aCB-D.11 2000-215